000 01078nam0a22002771 4500
001 v19\rc\1772686
005 20250619071423.0
035 _a(NLR Aleph) 004869589
090 _a5086021
_c5086021
100 _a20061204d1904 |||y0rusy50 ca
101 0 _arus
102 _aRU
105 _ay z |||||
200 1 _aПрограммы городских двухклассных училищ Юго-западного края (с приложением некоторых сведений о приеме учеников, переводных и выпускных испытаниях и вечерних курсах для взрослых)
_fСост. Н. Беда
205 _aНеофиц. изд.
210 _aКиев
_cтип. Н.А. Гирич
_d1904
215 _a27 с.
_d22
700 1 _aБеда
_bН.А.
_gНиколай Антонович
_4220
801 0 _aRU
_bNLR
_gpsbo
801 0 _aRU
_bRuMoRGB
_2psbo
801 1 _aRU
_bProSoft-M
_2rusmarc
852 _aNLR
_j34.48.4.1286
899 _aRuMoRGB
_jJ 75/302
899 _aБАН
942 _cBOOK
980 _aNB